00250nam a2200097Ia 4500008004100000100001800041245002800059260003900087300000800126650001800134191201s2014 xx 000 0 und d aCOWSILL, Alan 0aWorld War One 1914-1918 bKalyani Navyug Media Pvt Ltdc2014 a109 aGeneral Books